Filósofos de la paz y de la guerra
Đã lưu trong:
| Tác giả chính: | |
|---|---|
| Định dạng: | Sách |
| Ngôn ngữ: | Tiếng Tây Ban Nha |
| Được phát hành: |
Ciudad de México
Fondo de Cultura Económica
1980
|
| Loạt: | Brevarios
|
| Những chủ đề: | |
| Các nhãn: |
Thêm thẻ
Không có thẻ, Là người đầu tiên thẻ bản ghi này!
|
MARC
| LEADER | 00000nam a2200000 a 4500 | ||
|---|---|---|---|
| 001 | UCP4406 | ||
| 003 | CL-VaPUC | ||
| 008 | 990724e19800000MX |||||||||||||||||spa|d | ||
| 082 | 0 | 4 | |a 303.66 |b GAL |2 21 |
| 100 | 0 | |a Gallie, W. B |e author |9 431905 | |
| 245 | 1 | 0 | |a Filósofos de la paz y de la guerra |
| 300 | |a 275 p | ||
| 942 | |c BK | ||
| 945 | |d 19990724 00:00:00 |a crobeson | ||
| 260 | |a Ciudad de México |b Fondo de Cultura Económica |c 1980 | ||
| 600 | 0 | 7 | |a CLAUSEWITZ, KARL VON |2 CL-VaPUC |9 431906 |
| 600 | 0 | |a Tolstoi, León Graf |d 1828-1910 |9 346194 | |
| 600 | 0 | |a Kant, Immanuel, |d 1724-1804 |9 858687 | |
| 600 | 0 | |a Marx, Karl Heinrich, |d 1818-1883 |9 861123 | |
| 650 | 0 | |a Guerra |9 255876 | |
| 650 | 0 | |a Paz |9 259242 | |
| 650 | 0 | |a Conflicto social |9 255404 | |
| 583 | |a last modification |c 19990724 00:00:00 |k Rodrigo Vera | ||
| 490 | 0 | |a Brevarios | |
| 999 | |c 282389 |d 282387 | ||
| 952 | |0 0 |1 0 |4 0 |6 303_660000000000000_GAL_1980 |7 0 |8 A |9 324064 |a BIBHIS |b BIBHIS |d 2019-11-20 |i 1354590 |o 303.66 GAL 1980 |p 1354590 |r 2025-01-20 |w 2019-11-20 |y BK |k HIS | ||